00822na a2200241 450000100060000000300080000600500170001400800410003104000250007204100080009708200210010509000200012611100340014624500780018026000400025830000260029850000650032465000300038971000310041994200130045095201020046399900150056520906MIRAKIL20181213155146.0170127b tu 000 0  aMilasbturcTR-AnCHP atur a339.2bS25s 2008 a339.2 S25s 2008 aSanayi KongresicAnkarad1930 a1930 sanayi kongresibRaporlar- kararlar- zabıtlarcAnkara Sanayi Odası aAnkara bAnkara Sanayi Odasıc2008 a881 s.bfotg.c24 sm. aNeşreden Milli İktisat ve Tasarruf Cemiyeti Umum Merkezi aSanayixToplantılar,1930 aAnkara Sanayi Odası (ASO) 2ddccBKS a0001b0001d2017-01-27e2l0o339.2 S25s 2008p012144r2017-01-27 00:00:00v0.00w2017-01-27yBKS c7696d7696